000 01258nam0a2200337 4500
001 RU\NLR\BIBL_A\011662355
005 20180412142115.0
010 _a978-5-389-13334-1
_93000
021 _aRU
_bКН-П-18-011350
_9КН-П-18-0797
035 _a(NLR Aleph) 011662355
035 _a(RuMoRGB)009533771
090 _a11189089
_c11189089
100 _a20180321d2018 e y0rusy50 ca
101 1 _arus
_ceng
102 _aRU
105 _aa|||z|||001zy
200 1 _aНордическая кухня
_eкулинарные шедевры с северным характером
_fКлаус Майер
_g[перевод с английского Е. Зайцевой]
210 _aМосква
_cКоЛибри [и др.]
_d2018
215 _a255 с.
_cцв. ил.
_d25
320 _aУказ.: с. 251-255
333 _a16+
517 1 _aКулинарные шедевры с северным характером
606 1 _aСкандинавская кухня
_92615634
_3RU\NLR\AUTH\661552193
686 _aЛ997(411),0
_2rubbk
686 1 _aЛ997(3)Скандинавская
700 1 _aМайер
_bК.
_gКлаус
942 _cBOOK
980 _aNBR
980 _aNB